| 000 | 00413nam a2200157Ia 4500 | ||
|---|---|---|---|
| 005 | 20250514005218.0 | ||
| 008 | 240331s9999 xx 000 0 und d | ||
| 020 | _a9552002648 | ||
| 082 |
_a294 _bATH |
||
| 100 | _aAthtudawe Rahula, Thera | ||
| 245 | 0 | _aJeewithaye paramarthaya kumakda? | |
| 260 |
_aColombo _bS Godake & Brothers Publication _c1991 |
||
| 300 | _a162 p ., | ||
| 500 | _aBook On Buddhism | ||
| 942 | _cL | ||
| 999 |
_c878 _d878 |
||